|
|
|
|
| LEADER |
00000nam0a2200000 4500 |
| 001 |
359518 |
| 005 |
20231102011210.0 |
| 010 |
|
|
|a 5280006319
|
| 035 |
|
|
|a (RuTPU)RU\TPU\retro\16798
|
| 090 |
|
|
|a 359518
|
| 100 |
|
|
|a 20201112d1990 m y0rusy50 ca
|
| 101 |
1 |
|
|a rus
|c bul
|
| 102 |
|
|
|a RU
|
| 105 |
|
|
|a a z 001zy
|
| 200 |
1 |
|
|a Родник золотоструйный: памятники болгарской литературы IX-XVIII веков
|e сборник
|e пер. с болг.
|f сост. И. И. Калиганов ; под ред. А. Севастьяновой ; пер. Д. Полывянный ; худож. А. Еремин
|
| 210 |
|
|
|a Москва
|c Художественная литература
|d 1990
|
| 215 |
|
|
|a 527 с.
|c ил.
|
| 320 |
|
|
|a Вступительная статья: с. 3-37
|
| 320 |
|
|
|a Комментарии: с. 450-522
|
| 606 |
1 |
|
|a Болгарская литература
|2 stltpush
|3 (RuTPU)RU\TPU\subj\80422
|9 88118
|
| 610 |
1 |
|
|a художественная литература
|
| 610 |
1 |
|
|a рассказы
|
| 610 |
1 |
|
|a повести
|
| 610 |
1 |
|
|a притчи
|
| 610 |
1 |
|
|a жития святых
|
| 610 |
1 |
|
|a сказания
|
| 610 |
1 |
|
|a история
|
| 610 |
1 |
|
|a памятники письменности
|
| 675 |
|
|
|a 886.7
|v 4
|
| 702 |
|
1 |
|a Калиганов
|b И. И.
|g Игорь Иванович
|4 220
|
| 702 |
|
1 |
|a Севастьянова
|b А.
|4 340
|
| 702 |
|
1 |
|a Полывянный
|b Д.
|4 730
|
| 702 |
|
1 |
|a Еремин
|b А.
|4 040
|
| 801 |
|
1 |
|a RU
|b 63413507
|c 20201112
|
| 801 |
|
2 |
|a RU
|b 63413507
|c 20210604
|g RCR
|
| 942 |
|
|
|c BK
|